[Event "Santa Eugenia op 17th"]
[Site "Santa Eugenia"]
[Date "2023.08.03"]
[Round "7"]
[White "Garcia Garrido, Ferran"]
[Black "Balague Canadell, Jordi"]
[Result "1/2-1/2"]
[WhiteElo "1734"]
[BlackElo "1950"]
[PlyCount "83"]
[EventDate "2023.07.31"]
[EventType "swiss"]
[EventRounds "9"]
[EventCountry "ESP"]
[SourceTitle "CBM 215 Extra"]
[Source "ChessBase"]
[SourceDate "2023.09.30"]
[SourceVersion "1"]
[SourceVersionDate "2023.09.30"]
[SourceQuality "1"]

1. d4 d5 2. c4 dxc4 3. Nf3 Nf6 4. e3 Bg4 5. Bxc4 e6 6. Nc3 Nc6 7. a3 Bd6 8. h3 Bh5 9. b4 0-0 10. Bb2 Qe7 11. g4 Bg6 12. Nh4 Be4 13. Nxe4 Nxe4 14. Nf3 Bxb4+ 15. Kf1 Bd6 16. Qd3 Ng5 17. Nxg5 Qxg5 18. Ke2 Qg6 19. Qd2 e5 20. d5 Ne7 21. Rag1 f5 22. gxf5 Qxf5 23. f4 Qe4 24. Bd3 Qxd5 25. Qc2 Kh8 26. Rh2 Rf7 27. Rhg2 Ng6 28. f5 Nh4 29. e4 Qc5 30. Rg4 Ng6 31. Qb3 Nf4+ 32. Rxf4 Qxg1 33. Rf1 Qg2+ 34. Rf2 Qxh3 35. Qxf7 Rf8 36. Qd5 Qg4+ 37. Kd2 Qg3 38. Re2 Qf4+ 39. Kc2 b6 40. a4 a5 41. Kb3 Qf1 42. Rd2 1/2-1/2

[Event "EU-ch Seniors 50 17h"]
[Site "Sabadell"]
[Date "2017.08.12"]
[Round "1"]
[White "Tunik, Gennady"]
[Black "Balague Canadell, Jordi"]
[Result "1-0"]
[WhiteElo "2388"]
[BlackElo "2019"]
[PlyCount "85"]
[EventDate "2017.08.12"]
[EventType "swiss"]
[EventRounds "9"]
[EventCountry "ESP"]
[SourceTitle "CBM 180 Extra"]
[Source "ChessBase"]
[SourceDate "2017.10.06"]
[SourceVersion "1"]
[SourceVersionDate "2017.10.06"]
[SourceQuality "1"]

1. d4 Nf6 2. c4 e6 3. Nf3 c5 4. d5 d6 5. Nc3 exd5 6. cxd5 g6 7. Nd2 Bg7 8. e4 0-0 9. Be2 a6 10. a4 Nbd7 11. 0-0 Ne8 12. a5 Rb8 13. Nc4 Ne5 14. Nb6 Nc7 15. Bf4 Na8 16. Nca4 Bd7 17. Nxd7 Qxd7 18. Bd2 Qe7 19. Bc3 Nc7 20. Nxc5 dxc5 21. d6 Qd8 22. dxc7 Qxc7 23. Qc2 Qe7 24. Rac1 Rfe8 25. Rfd1 Bh6 26. Rd5 Nc6 27. Rcd1 Nb4 28. Bxb4 cxb4 29. e5 Rbd8 30. Bc4 Rxd5 31. Rxd5 Rd8 32. Qe4 Rd7 33. g3 Bg7 34. Rxd7 Qxd7 35. e6 Qe7 36. exf7+ Kf8 37. Qg4 Bf6 38. b3 Qd8 39. Qe6 Be7 40. Bd5 Qd6 41. Qe4 Qd8 42. Qd4 Bd6 43. Qh8+ 1-0

[Event "Catalunya-chT Gp2"]
[Site "Barcelona"]
[Date "2017.02.18"]
[Round "5.5"]
[White "Perpinya Rofes, Lluis Maria"]
[Black "Balague Canadell, Jordi"]
[Result "1-0"]
[WhiteElo "2356"]
[BlackElo "2014"]
[PlyCount "75"]
[EventDate "2017.01.21"]
[EventType "team-tourn"]
[EventRounds "7"]
[EventCountry "ESP"]
[SourceTitle "EXT 2018"]
[Source "ChessBase"]
[SourceDate "2017.10.13"]
[SourceVersion "1"]
[SourceVersionDate "2017.10.13"]
[SourceQuality "1"]
[WhiteTeam "Colon Sabadell"]
[BlackTeam "Banyoles"]
[WhiteTeamCountry "ESP"]
[BlackTeamCountry "ESP"]

1. e4 d6 2. d4 Nf6 3. Nc3 Nbd7 4. Nf3 e5 5. Bc4 Be7 6. 0-0 c6 7. a4 a5 8. Re1 Qc7 9. h3 h6 10. Ba2 Nf8 11. Nh4 g6 12. Be3 N6h7 13. Nf3 Rg8 14. Qd3 Ng5 15. Nxg5 hxg5 16. Qc4 Bd8 17. dxe5 dxe5 18. Bb6 Be6 19. Bxc7 Bxc4 20. Bxe5 Bxa2 21. Nxa2 Ne6 22. Rad1 Bc7 23. Bxc7 Nxc7 24. Re3 Ke7 25. Red3 Rgd8 26. f3 Rxd3 27. Rxd3 Ne6 28. Kf2 Nc5 29. Rd4 Ne6 30. Rd2 Rb8 31. Nc3 Nc5 32. Ke3 Rh8 33. b3 Rb8 34. e5 Ne6 35. Ne4 Nf4 36. Nxg5 Nd5+ 37. Kf2 b5 38. axb5 1-0

[Event "Catalunya-chT Gp2"]
[Site "Barcelona"]
[Date "2017.01.28"]
[Round "2.7"]
[White "Castellet Giralt, Gabriel"]
[Black "Balague Canadell, Jordi"]
[Result "1/2-1/2"]
[WhiteElo "2229"]
[BlackElo "2014"]
[PlyCount "82"]
[EventDate "2017.01.21"]
[EventType "team-tourn"]
[EventRounds "7"]
[EventCountry "ESP"]
[SourceTitle "CBM 176 Extra"]
[Source "ChessBase"]
[SourceDate "2017.03.02"]
[SourceVersion "1"]
[SourceVersionDate "2017.03.02"]
[SourceQuality "1"]
[WhiteTeam "Cerdanyola Valles"]
[BlackTeam "Banyoles"]
[WhiteTeamCountry "ESP"]
[BlackTeamCountry "ESP"]

1. d4 d5 2. c4 c6 3. cxd5 cxd5 4. Nc3 Nf6 5. Bf4 Nc6 6. e3 e6 7. Bd3 a6 8. Rc1 h6 9. h3 Bd6 10. Bxd6 Qxd6 11. f4 g5 12. Nce2 Bd7 13. Nf3 Qb4+ 14. Qd2 Qxd2+ 15. Kxd2 Ne4+ 16. Ke1 gxf4 17. Nxf4 Ng3 18. Rg1 Ke7 19. Kf2 Rhg8 20. Bg6 fxg6 21. Kxg3 Kd6 22. Nd3 Rgc8 23. Nfe5 Nxe5 24. Nxe5 Rxc1 25. Rxc1 b6 26. h4 a5 27. Kf4 Rb8 28. g4 a4 29. g5 h5 30. Kf3 Ra8 31. Ke2 Bb5+ 32. Kf2 Be8 33. Ke1 Rb8 34. Kd2 Rb7 35. Rc8 Ke7 36. Rc1 b5 37. Rf1 b4 38. Rf6 b3 39. axb3 Rxb3 40. Kc2 Rxe3 41. Rf4 Rg3 1/2-1/2

[Event "Catalunya-chT Gp2"]
[Site "Barcelona"]
[Date "2017.01.21"]
[Round "1.6"]
[White "Grafl, Florian"]
[Black "Balague Canadell, Jordi"]
[Result "1-0"]
[WhiteElo "2384"]
[BlackElo "2014"]
[PlyCount "159"]
[EventDate "2017.01.21"]
[EventType "team-tourn"]
[EventRounds "7"]
[EventCountry "ESP"]
[SourceTitle "CBM 176 Extra"]
[Source "ChessBase"]
[SourceDate "2017.03.02"]
[SourceVersion "1"]
[SourceVersionDate "2017.03.02"]
[SourceQuality "1"]
[WhiteTeam "Barcelona Escola Escacs"]
[BlackTeam "Banyoles"]
[WhiteTeamCountry "ESP"]
[BlackTeamCountry "ESP"]

1. b3 d5 2. Bb2 c5 3. e3 Nc6 4. f4 Nf6 5. Nf3 e6 6. Bb5 Bd7 7. 0-0 Bd6 8. Bxc6 Bxc6 9. Ne5 Qc7 10. d3 0-0-0 11. Nd2 Kb8 12. Qe2 Rhe8 13. e4 Bf8 14. Nxc6+ Qxc6 15. e5 Nd7 16. Qh5 f5 17. Qxh7 Nb6 18. Nf3 d4 19. Bc1 Nd5 20. Bd2 Be7 21. Qg6 Rh8 22. Qg3 g6 23. h4 Rdg8 24. Qe1 a5 25. a4 b6 26. g3 Ka7 27. Kf2 Ka6 28. Ke2 Rd8 29. Qf2 Rb8 30. Rg1 Rbf8 31. Rg2 Qe8 32. Ng1 Qd8 33. Nh3 Rf7 34. Qf3 Rfh7 35. Nf2 Qa8 36. Nd1 Nb4 37. Qxa8+ Rxa8 38. Bxb4 cxb4 39. Nf2 Rc8 40. Kd2 Kb7 41. Nh3 Kc6 42. Ng1 Kd5 43. Nf3 Bd8 44. Rag1 Rhc7 45. Ne1 Rh7 46. Kd1 Be7 47. Nf3 Rch8 48. Rh1 Rf8 49. Rhg1 Rfh8 50. Rf2 Bd8 51. Nd2 Be7 52. Nc4 Bc5 53. Ke2 Rh5 54. Kf3 R5h7 55. Rh2 Rh6 56. Rgh1 Rh5 57. g4 fxg4+ 58. Kxg4 Kc6 59. Nd2 Rf8 60. Re1 Rfh8 61. Nf3 Kd5 62. Re4 R8h7 63. Rg2 Rf5 64. Kh3 Rhf7 65. Rg4 Rf8 66. Kg3 Rg8 67. Re2 Be7 68. Rh2 Rh5 69. Rg2 Rf5 70. Nd2 Rh5 71. Rh2 Rgh8 72. Nc4 Kc5 73. Rxg6 Bxh4+ 74. Kg4 R5h7 75. Rxe6 Rg7+ 76. Kf3 Rg3+ 77. Ke4 Rg4 78. Rxb6 Bg3 79. Rb5+ Kc6 80. Nxa5+ 1-0

[Event "Palafrugell Gelpi Memorial 28th"]
[Site "Palafrugell"]
[Date "2015.??.??"]
[Round "6"]
[White "Clot Chico, Arnau"]
[Black "Balague Canadell, Jordi"]
[Result "0-1"]
[WhiteElo "2065"]
[BlackElo "2198"]
[PlyCount "98"]
[EventDate "2015.09.26"]
[EventType "swiss"]
[EventRounds "9"]
[EventCountry "ESP"]
[SourceTitle "EXT 2017"]
[Source "ChessBase"]
[SourceDate "2016.10.25"]
[SourceVersion "1"]
[SourceVersionDate "2016.10.25"]
[SourceQuality "1"]

1. e4 e5 2. Nf3 Nc6 3. Bc4 Nf6 4. d3 Be7 5. 0-0 0-0 6. c3 a6 7. Bb3 d6 8. h3 b5 9. Re1 Bb7 10. Nbd2 Na5 11. Bc2 c5 12. Nf1 Re8 13. Ng3 g6 14. Nh2 Bf8 15. Ng4 Nxg4 16. Qxg4 Qc8 17. Be3 Bg7 18. Qxc8 Raxc8 19. f4 exf4 20. Bxf4 Be5 21. Bxe5 dxe5 22. Rad1 Rcd8 23. Re2 Rd6 24. Red2 Red8 25. Nf1 Kg7 26. Kf2 Bc8 27. Ke3 f5 28. exf5 gxf5 29. b3 Nc6 30. Nh2 b4 31. c4 Nd4 32. Nf3 Kf6 33. Nxd4 Rxd4 34. Rf1 f4+ 35. Ke2 Bf5 36. Bb1 Rg8 37. Ke1 Rg3 38. Rf3 Rxf3 39. gxf3 Bxh3 40. Rh2 Bf5 41. Ke2 Rd7 42. Kf2 Rg7 43. Bc2 Rg3 44. Rh6+ Bg6 45. Rh2 h5 46. Rh4 Kg5 47. Rh1 h4 48. Re1 Kf6 49. Rh1 h3 0-1

[Event "Figueres op 12th"]
[Site "Figueres"]
[Date "2011.08.16"]
[Round "7"]
[White "Diaz Comas, Jordi"]
[Black "Balague Canadell, Jordi"]
[Result "0-1"]
[WhiteElo "1923"]
[BlackElo "2063"]
[PlyCount "80"]
[EventDate "2011.08.11"]
[EventType "swiss"]
[EventRounds "9"]
[EventCountry "ESP"]
[SourceTitle "CBM 143 Extra"]
[Source "ChessBase"]
[SourceDate "2011.08.29"]
[SourceVersion "1"]
[SourceVersionDate "2011.08.29"]
[SourceQuality "1"]

1. d4 d5 2. c4 e6 3. Nf3 Nf6 4. g3 Be7 5. Bg2 0-0 6. 0-0 dxc4 7. Qc2 a6 8. a4 c6 9. Rd1 b5 10. Ne5 Nd5 11. Bd2 Bb7 12. e4 Nb4 13. Bxb4 Bxb4 14. Nc3 Qc7 15. Ng4 Nd7 16. b3 cxb3 17. Qxb3 Bxc3 18. Qxc3 Rfc8 19. Rdc1 Qb6 20. a5 Qc7 21. Qb4 e5 22. Nxe5 Nxe5 23. dxe5 Qxe5 24. f4 c5 25. Qd2 Qd4+ 26. Qxd4 cxd4 27. Rd1 Rc4 28. Rd3 Rd8 29. e5 Bxg2 30. Kxg2 Rc2+ 31. Kf3 g6 32. h3 Rh2 33. Raa3 h5 34. Ra1 Kf8 35. h4 Ke7 36. Ke4 Re2+ 37. Kf3 Rh2 38. Raa3 Ke6 39. Ke4 Re2+ 40. Kf3 Rc2 0-1

[Event "Cerdanyola del Valles op 28th"]
[Site "Cerdanyola del Valles"]
[Date "2010.10.16"]
[Round "3"]
[White "Balague Canadell, Jordi"]
[Black "Martin Perez, Laura"]
[Result "1/2-1/2"]
[WhiteElo "2044"]
[BlackElo "1781"]
[PlyCount "89"]
[EventDate "2010.10.02"]
[EventType "swiss"]
[EventRounds "7"]
[EventCountry "ESP"]
[SourceTitle "EXT 2012"]
[Source "ChessBase"]
[SourceDate "2011.11.24"]
[SourceVersion "1"]
[SourceVersionDate "2011.11.24"]
[SourceQuality "1"]

1. c4 c5 2. Nf3 Nc6 3. d4 cxd4 4. Nxd4 g6 5. e4 Nf6 6. Nc3 Nxd4 7. Qxd4 d6 8. Be2 Bg7 9. Be3 0-0 10. Qd2 a5 11. 0-0 a4 12. Rab1 Re8 13. f3 Bd7 14. Rfc1 Qa5 15. Rc2 Rec8 16. Rbc1 Be6 17. Nd5 Qxd2 18. Bxd2 Nxd5 19. cxd5 Bd7 20. Kf2 Rxc2 21. Rxc2 Rc8 22. Rxc8+ Bxc8 23. Bc3 Bxc3 24. bxc3 Bd7 25. c4 f5 26. Ke3 fxe4 27. Kxe4 Kf7 28. h4 Kf6 29. g4 h6 30. f4 g5 31. fxg5+ hxg5 32. h5 b6 33. Kd4 Bc8 34. Bd1 Bd7 35. Be2 Be8 36. Ke4 Bd7 37. a3 Bc8 38. Kf3 Bd7 39. Bd3 Bc8 40. h6 Bd7 41. Bf5 Be8 42. Ke3 Kf7 43. Kd4 Kf6 44. Kc3 Kf7 45. Kd4 1/2-1/2

[Event "Cerdanyola del Valles op 28th"]
[Site "Cerdanyola del Valles"]
[Date "2010.10.02"]
[Round "1"]
[White "Balague Canadell, Jordi"]
[Black "Ventura Bolet, Maxim"]
[Result "1/2-1/2"]
[WhiteElo "2044"]
[BlackElo "1845"]
[PlyCount "44"]
[EventDate "2010.10.02"]
[EventType "swiss"]
[EventRounds "7"]
[EventCountry "ESP"]
[SourceTitle "EXT 2012"]
[Source "ChessBase"]
[SourceDate "2011.11.24"]
[SourceVersion "1"]
[SourceVersionDate "2011.11.24"]
[SourceQuality "1"]

1. c4 e5 2. Nc3 Nc6 3. Nf3 f5 4. d4 e4 5. Bg5 Nf6 6. Ng1 Bb4 7. e3 Bxc3+ 8. bxc3 h6 9. Bxf6 Qxf6 10. Ne2 g5 11. h4 Ne7 12. Ng3 d6 13. Be2 Be6 14. hxg5 hxg5 15. Rxh8+ Qxh8 16. Bh5+ Bf7 17. Qa4+ c6 18. 0-0-0 Bxh5 19. Rh1 Kd7 20. Rxh5 Qg7 21. Qb4 b6 22. Qa4 Kc7 1/2-1/2

[Event "Figueres op 10th"]
[Site "Figueres"]
[Date "2009.08.03"]
[Round "4"]
[White "Balague Canadell, Jordi"]
[Black "Balague Camps, Marc"]
[Result "1/2-1/2"]
[WhiteElo "2042"]
[BlackElo "1844"]
[PlyCount "22"]
[EventDate "2009.08.01"]
[EventType "swiss"]
[EventRounds "9"]
[EventCountry "ESP"]
[SourceTitle "EXT 2010"]
[Source "ChessBase"]
[SourceDate "2010.11.25"]
[SourceVersion "1"]
[SourceVersionDate "2010.11.25"]
[SourceQuality "1"]

1. Nf3 g6 2. c4 Nf6 3. Nc3 d5 4. cxd5 Nxd5 5. e4 Nxc3 6. dxc3 Qxd1+ 7. Kxd1 Bg4 8. Kc2 Bxf3 9. gxf3 Nd7 10. Be3 Bg7 11. Rd1 Ne5 1/2-1/2